000 00773nam a22002057a 4500
005 20251108170719.0
008 250721s1995 xx 000 0 ara d
082 1 4 _aط/218.421/عسا
100 1 _aعساني، يوسف عبد الكريم
245 1 0 _aبناء الكعبة المشرفة :
_bزمن آدم عليه الصلاة و السلام /
264 1 _aحلب :
_bدار القلم العربي،
_c1995.
300 _a16ص
490 0 _aفجر الهدى و الإيمان : مكة المكرمة عبر التاريخ ؛1
650 1 7 _aالأماكن المقدسة
650 1 7 _aالكعبة
650 1 7 _aتاريخ ما قبل الإسلام
653 _aاطفال مرحلة متوسطة (6-9) سنوات
942 _2ddc
_cBK
999 _c47261
_d47261